00289nam a22001217a 4500003000400000005001700004008004100021040002700062100001500089245002000104260003500124300000800159OSt20240403123726.0240403b |||||||| |||| 00| 0 eng d cCentral Library MRSPTU aM.J.Antony aConsumer Rights aDelhibHind Pocket Booksc1990 a126